00560nam a22001817a 450000500170000001000150001702000260003202000230005803500140008103700130009508200170010810000150012524500540014026000450019427000640023930000250030350000500032820161108125634.0 aENG-116477 c850.00a9780199464814 c850.00a0199464812 aEN-100009 bDBAD/PUB a399.46095443 aBreman,Jan aOn pauperism in present and past /cby Jan Breman aNew DelhibOxford University Pressc2016 aYMCA Library Building, 1 Jai Singh Road,bNew Delhie110001 aviii,290p.c23cm(Hb) aIncludes bibliographical references and index